000
00348nam a2200157Ia 4500
100
_a
Chatterjee/Indrajit
650
_a
E commerce
942
_c
BK
366
_f
25
654
_a
e commerce
245
_a
E commerce: An indian perspective
260
_b
Sci tech
_c
2010
082
_a
658.84
_b
CHA
546
_a
ENGLISH
_c
electronics
999
_c
25948
_d
25948